Statistics for Steph Curry Quiz

Click here to take the quiz!

General Stats

  • This quiz has been taken 354 times
    (348 since last reset)
  • The average score is 11 of 13

Answer Stats

Hint Answer % Correct
Jersey number30
99%
Current NBA teamWarriors
96%
College he attendedDavidson
95%
Draft year2009
95%
FatherDell Curry
95%
BrotherSeth Curry
94%
Real first nameWardell
90%
Birth year1988
89%
WifeAyesha Curry
83%
Daughter #1Riley Curry
78%
Daughter #2Ryan Curry
62%
SisterSydel Curry
53%
MotherSonya Curry
51%

Score Distribution

Percentile by Number Answered

Percent of People with Each Score

Your Score History

You have not taken this quiz since the last reset